El principio de igualdad marginal (Registro nro. 31406)

Detalles MARC
000 -LEADER
fixed length control field 00320 a2200109 4500
001 - CONTROL NUMBER
control field ART_30535
005 - DATE AND TIME OF LATEST TRANSACTION
control field 20260410162002.0
008 - FIXED-LENGTH DATA ELEMENTS--GENERAL INFORMATION
fixed length control field 260409a
100 1# - MAIN ENTRY--PERSONAL NAME
Personal name Casuccio, Mario César
245 10 - TITLE STATEMENT
Title El principio de igualdad marginal
773 0# - HOST ITEM ENTRY
Title Foro económico
Related parts - Año II, Nº 2 (mar. 1996)
Record control number REV30369

No hay ítems disponibles.